000 00487nam a2200181 i 4500
001 bgj
100 1 _aHARVEY, Kathryn.
245 1 0 _aButterfly :
_ba novel /
_cKathryn Harvey.
260 _aNew York :
_bVillard Books,
_c1988.
300 _a500 pp ;
_c25 cm.
650 9 _aAmerican fiction
_y20th century
020 _a0394571770 (hbk, jacket)
040 _cBPK
041 0 _aeng
920 _a0-394-57177-0 (hbk, jacket)
942 _cKS
008 s uk f |000 0 eng
999 _c47261
_d47261
856 _uhttp://koha.tu.koszalin.pl/cgi-bin/koha/opac-detail.pl?biblionumber=47261
_yKatalog online BPK